| 000 | 03100nam0a22005411 4500 | ||
|---|---|---|---|
| 001 | RU\NLR\A1\27107 | ||
| 005 | 20260407103949.0 | ||
| 035 | _a(NLR Aleph) 009681388 | ||
| 090 |
_a9703639 _c9703639 |
||
| 100 | _a20000411d1789 m y0rusy50 ca | ||
| 101 | 1 |
_arus _cfre |
|
| 102 | _aRU | ||
| 135 | _acrcn 024anaba | ||
| 140 | _ay y fa yaa0000 | ||
| 200 | 1 |
_aНаставление о воспитании животных, служащих к забаве человеческой, с показанием, чем их кормить, пользовать в их болезнях и какую можно получать от них пользу и увеселение. _fПереведено с французскаго языка В.... Н.... |
|
| 210 |
_aМосква _cв Университетской типографии, у Н. Новикова _d1789 |
||
| 215 |
_a[4], 167, [1] с. _d8° |
||
| 305 | _aЗагл. ориг.: Traitůde l'èducation des animaux qui servent d'amusement a l 'homme ... Paris, 1780 | ||
| 306 | _aЦенз.: А. Барсов | ||
| 316 |
_aЭкз. РНБ (18.73.4.55) в обл. из мрамор. бумги. На 1-й и 2-й с. обл. ярлыки с шифром РНБ. На тит. л., с.33 и 167 круглые штампы ГПБ. На тит. л. круглый штамп ИБ в венке с короной. Размер 17,3х10х1,5 см. _5NLR: 18.73.4.55 |
||
| 321 | 1 | _aСК XVIII 4478 | |
| 321 | 1 | _aСК XVIII. Доп. С.113 | |
| 325 | _aКопия доступна в Электрон. б-ке РНБ | ||
| 454 | 0 |
_12001#$aTraitůde l'èducation des animaux qui servent d'amusement a l 'homme ... _1210##$aParis$d1780 _tTraitůde l'èducation des animaux qui servent d'amusement a l 'homme ... |
|
| 620 | _dМосква | ||
| 700 | 1 |
_4070 _7ca _8rus _aБюкоз _bП. Ж. _f1731-1807 _gПьер Жозеф _9211209 _3RU\NLR\AUTH\770211265 |
|
| 702 | 0 |
_aВ.... Н.... _4730 |
|
| 702 | 1 |
_4610 _8rus _7ca _aНовиков _bН. И. _cиздатель _f1744-1818 _gНиколай Иванович _3RU\NLR\AUTH\772860 _9112867 |
|
| 702 | 1 |
_4190 _7ca _8rus _aБарсов _bА. А. _f1730-1791 _gАнтон Алексеевич _9158975 _3RU\NLR\AUTH\770159016 |
|
| 712 | 0 | 2 |
_4610 _aМосковский университет _bТипография _3RU\NLR\AUTH\889932963 _9361140 |
| 801 | 0 |
_aRU _bNLR _c20000411 |
|
| 852 |
_aNLR _j18.73.4.55 |
||
| 856 | 0 | _uhttp://vivaldi.nlr.ru/bx000017489/view | |
| 856 | 1 | _uhttp://vivaldi.nlr.ru/bx000017489/cover | |
| 856 | 2 | _uhttp://vivaldi.nlr.ru/bx000017489/text | |
| 899 | _aРГБ | ||
| 899 | _aБАН | ||
| 899 | _aГПИБ | ||
| 942 | _cBOOK | ||
| 980 | _aNB | ||
| 980 | 3 | _akpcivil | |
| 980 | 3 | _akp | |
| 980 | _aA1XVIIIv | ||
| 981 | 2 | 0 |
_a(20) Книжные памятники РНБ _b(20) Русский книжный фонд |